书目信息 |
| 题名: |
串联电容引起的电动机自激
|
|
| 作者: | ;清华大学电力系 著 | |
| 分册: | ||
| 出版信息: | 北京 科学出版社 1978 |
|
| 页数: | 263页 | |
| 开本: | 26cm | |
| 丛书名: | ||
| 单 册: | ||
| 中图分类: | TM34 | |
| 科图分类: | ||
| 主题词: | 交流电机-自励 , 自励-交流电机 | |
| 电子资源: | ||
| ISBN: | ||
| 000 | 00652nam0 2200229 45 | |
| 001 | 0178001753 | |
| 005 | 20060719111455.25 | |
| 010 | @dCNY2.15 | |
| 091 | @a15031.173 | |
| 100 | @a19950811d1978 em y0chiy0121 ea | |
| 101 | 0 | @achi |
| 102 | @aCN@b110000 | |
| 105 | @ay z 000yy | |
| 200 | 10 | @a串联电容引起的电动机自激@Achuan lian dian rong yin qi de dian dong ji zi ji@f清华大学电力系等著 |
| 210 | @a北京@c科学出版社@d1978 | |
| 215 | @a263页@d26cm | |
| 606 | @a交流电机-自励 | |
| 606 | @a自励-交流电机 | |
| 690 | @aTM34@v3 | |
| 711 | 02 | @a清华大学电力系@Aqing hua da xue dian li xi@4著 |
| 801 | 0 | @aCN@bTSSF@c20060719 |
| 905 | @a10447@dTM34@e29 | |
| 串联电容引起的电动机自激/清华大学电力系等著.-北京:科学出版社,1978 |
| 263页;26cm |
| ISBN :CNY2.15 |
| ● |
| 相关链接 |
|
|
|
|
正题名:串联电容引起的电动机自激
索取号:TM34/29
 
预约/预借
| 序号 | 登录号 | 条形码 | 馆藏地/架位号 | 状态 | 备注 |
| 1 | 0437367 | 204373677 | 密集书库/ [索取号:TM34/29] | 在馆 | |
| 2 | 0437826 | 204378262 | 密集书库/ [索取号:TM34/29] | 在馆 |